| 000 | 01225nam a2200325 i 4500 | ||
|---|---|---|---|
| 001 | 6493 | ||
| 003 | ES-MaACL | ||
| 005 | 20230906144947.0 | ||
| 007 | t| | ||
| 008 | 891124r19861745sp ||||1| spa d | ||
| 020 | _a84-86556-04-X | ||
| 080 | _a91.045 | ||
| 080 | _a633.88 | ||
| 100 | 1 |
_aLa Condamine, Charles Marie de. _969138 |
|
| 245 | 1 | 0 |
_aViaje a la América meridional por el rio de las Amazonas _b; Estudio sobre la quina / _cCharles M. de la Condamine ; presentación de Antonio Lafuente y Eduardo Estrella. |
| 250 | _a1ª ed. | ||
| 260 |
_aBarcelona : _bAlta Fulla : _bMundo Cientifico, _c1986. |
||
| 300 |
_a222 p. + [1] h. de map. pleg. ; _c19 cm. |
||
| 490 | 1 |
_aNoctulabium ; _v1 |
|
| 500 | _aReprod. de la ed. de: Amsterdam, Joan Catuffe, 1745. | ||
| 500 | _aReprod. de la ed. de Santa Fe de Bogotá, Sebastian José López Ruiz, 1778. | ||
| 650 | 1 | 4 |
_aQuina- _vObras anteriores a 1800. _916641 |
| 650 | 4 |
_aExpediciones científicas- _zAmazonía- _yS.XVIII. _912687 |
|
| 700 | 1 |
_aLafuente, Antonio. _969529 |
|
| 700 | 1 |
_aEstrella, Eduardo. _948249 |
|
| 740 | 0 | _aEstudio sobre la quina. | |
| 830 | 0 |
_aNoctulabium ; _v1 _9177552 |
|
| 852 |
_aES-MaACL _jL-13649 _z. - tela |
||
| 999 |
_c6493 _d6493 |
||